| 000 | 00441nam a2200133Ia 4500 | ||
|---|---|---|---|
| 008 | 170221s9999 xx 000 0 und d | ||
| 100 | _aKee H. Chung | ||
| 245 | _aInformation Asymmetry and Corporate Cash Holdings (pages 1341–1377) | ||
| 245 | _cKee H. Chung, Jang-Chul Kim, Young Sang Kim and Hao Zhang | ||
| 260 | _c2015 | ||
| 300 | _a4 : 2 | ||
| 650 | _xBusiness | ||
| 856 | _uhttp://onlinelibrary.wiley.com/doi/10.1111/jbfa.12173/pdf | ||
| 999 |
_c311480 _d311480 |
||